A history of Western architecture / (Record no. 352596)
[ view plain ]
| 000 -LEADER | |
|---|---|
| fixed length control field | 01093 a2200217 4500 |
| 010 ## - LIBRARY OF CONGRESS CONTROL NUMBER | |
| LC control number | 2005921992 |
| 020 ## - INTERNATIONAL STANDARD BOOK NUMBER | |
| International Standard Book Number | 0823022773 |
| 035 ## - SYSTEM CONTROL NUMBER | |
| System control number | (OCoLC)ocm61286041 |
| 082 04 - DEWEY DECIMAL CLASSIFICATION NUMBER | |
| Classification number | 720.91821 |
| 090 ## - LOCALLY ASSIGNED LC-TYPE CALL NUMBER (OCLC); LOCAL CALL NUMBER (RLIN) | |
| -- | 480 |
| -- | 480 |
| 100 1# - MAIN ENTRY--PERSONAL NAME | |
| Personal name | Watkin, David, |
| 245 12 - TITLE STATEMENT | |
| Title | A history of Western architecture / |
| Statement of responsibility, etc. | David Watkin. |
| 250 ## - EDITION STATEMENT | |
| Edition statement | 4th ed. |
| 260 ## - PUBLICATION, DISTRIBUTION, ETC. | |
| Place of publication, distribution, etc. | New York : |
| Name of publisher, distributor, etc. | Watson-Guptill Publications, |
| Date of publication, distribution, etc. | 2005. |
| 300 ## - PHYSICAL DESCRIPTION | |
| Extent | 720 p. : |
| Other physical details | ill. (some col.), plans ; |
| Dimensions | 24 cm. |
| 505 0# - FORMATTED CONTENTS NOTE | |
| Formatted contents note | Mesopotamia and Egypt -- The classical foundation: Greek, Hellenistic, Roman -- Early Christian and Byzantine -- Carolingian and Romanesque -- The Gothic experiment -- Renaissance harmony -- Baroque expansion -- Eighteenth-century classicism -- The Nineteenth century -- Art Nouveau -- The Twentieth century and beyond. |
| 650 #0 - SUBJECT ADDED ENTRY--TOPICAL TERM | |
| Topical term or geographic name entry element | Architecture, Western |
| General subdivision | History. |
| 856 42 - ELECTRONIC LOCATION AND ACCESS | |
| Materials specified | Contributor biographical information |
| Uniform Resource Identifier | <a href="http://www.loc.gov/catdir/enhancements/fy0908/2005921992-b.html">http://www.loc.gov/catdir/enhancements/fy0908/2005921992-b.html</a> |
| 856 42 - ELECTRONIC LOCATION AND ACCESS | |
| Materials specified | Publisher description |
| Uniform Resource Identifier | <a href="http://www.loc.gov/catdir/enhancements/fy0908/2005921992-d.html">http://www.loc.gov/catdir/enhancements/fy0908/2005921992-d.html</a> |
| 942 ## - ADDED ENTRY ELEMENTS (KOHA) | |
| Institution code [OBSOLETE] | SADA |
| Koha item type | Book |
| Call number prefix | 720.91821 WAT 2005 |
| Withdrawn status | Lost status | Source of classification or shelving scheme | Damaged status | Not for loan | Permanent Location | Current Location | Date acquired | Source of acquisition | Total Checkouts | Total Renewals | Full call number | Barcode | Date last seen | Date last checked out | Cost, replacement price | Price effective from | Koha item type |
|---|---|---|---|---|---|---|---|---|---|---|---|---|---|---|---|---|---|
| School of Art Design and Architecture (SADA) | School of Art Design and Architecture (SADA) | 02/22/2011 | Donation | 19 | 6 | 720.91821 WAT 2005 | SADAD0000018 | 09/28/2015 | 02/18/2015 | 4112.00 | 08/05/2011 | Book |
